Linguistic Features of Written Digitally Mediated Communication in English bakalárska práca

Gespeichert in:
Bibliographische Detailangaben
1. Verfasser: Švajdová, Katarína
Körperschaft: Fakulta aplikovaných jazykov EU v Bratislave. Katedra jazykovedy a translatológie
Weitere Verfasser: Maierová, Eva, 1965-
Format: Buch
Sprache:Englisch
Veröffentlicht: Bratislava 2025
Tags: Tag hinzufügen
Keine Tags, Fügen Sie das erste Tag hinzu!

MARC

LEADER 00000nbm a2200000 4500
001 0308962
005 20260211103957.1
041 0 |a eng 
044 |a SK 
245 1 0 |a Linguistic Features of Written Digitally Mediated Communication in English  |b bakalárska práca  |c Katarína Švajdová ; školiteľ: Eva Maierová 
264 1 |a Bratislava  |c 2025 
300 |a 53 s. 
100 1 |a Švajdová, Katarína 
700 1 |a Maierová, Eva, 1965- 
710 2 |a Fakulta aplikovaných jazykov EU v Bratislave. Katedra jazykovedy a translatológie